The Payment of bonus Act 1965 (Record no. 4447)

MARC details
000 -LEADER
fixed length control field 00322nam a22001457a 4500
005 - DATE AND TIME OF LATEST TRANSACTION
control field 20180412170604.0
008 - FIXED-LENGTH DATA ELEMENTS--GENERAL INFORMATION
fixed length control field 160628b xxu||||| |||| 00| 0 eng d
041 ## - LANGUAGE CODE
Language code of text/sound track or separate title eng
082 ## - DEWEY DECIMAL CLASSIFICATION NUMBER
Item number 10925
Classification number 348
245 ## - TITLE STATEMENT
Title The Payment of bonus Act 1965
260 ## - PUBLICATION, DISTRIBUTION, ETC. (IMPRINT)
Name of publisher Current
300 ## - PHYSICAL DESCRIPTION
Number of Pages 43
650 ## - SUBJECT ADDED ENTRY--TOPICAL TERM
Topical Term Management
942 ## - ADDED ENTRY ELEMENTS (KOHA)
Koha item type Books
Holdings
Lost status Damaged status Collection code Home library Current library Shelving location Date acquired Cost, normal purchase price Full call number Accession Number Koha item type
    LAW JRU Library JRU Library SHELF-31-C 28/06/2016 40.00 348 10925 Books